Glorious Nemesis /

Novela českého filozofa, v níž se odráží autorův skeptický vztah k realitě a snaha zachytit duševní stavy na cestě ke konečnému poznání.

Hlavní autor: Klíma, Ladislav, 1878-1928
Další autoři: Tomin, Marek, 1969-
Jazyk: Angličtina
Vydáno: Prague : Twisted Spoon Press, [2019]
Témata:
Fyzický popis: 123 stran ; 18 cm
Knihy
Uloženo v:
LEADER 01445nam a2200385 i 4500
001 nkc20203169973
003 CZ PrNK
005 20241129163114.0
007 ta
008 210608s2019 xr g 000 f eng
015 |a cnb003169973 
020 |a 978-80-901257-7-3  |q (brožováno)  |z 978-8090125773-3 
035 |a (OCoLC)1267680697 
040 |a ABG001  |b cze  |e rda 
041 1 |a eng  |h cze 
072 7 |a 821.162.3-3  |x Česká próza  |2 Konspekt  |9 25 
080 |a 821.162.3-32  |2 MRF 
080 |a (0:82-32)  |2 MRF 
100 1 |a Klíma, Ladislav,  |d 1878-1928  |7 jk01060531  |4 aut 
240 1 0 |a Slavná Nemesis.  |l Anglicky  |7 aun2012687788 
245 1 0 |a Glorious Nemesis /  |c Ladislav Klíma ; translated from the Czech by Marek Tomin 
264 1 |a Prague :  |b Twisted Spoon Press,  |c [2019] 
300 |a 123 stran ;  |c 18 cm 
336 |a text  |b txt  |2 rdacontent 
337 |a bez média  |b n  |2 rdamedia 
338 |a svazek  |b nc  |2 rdacarrier 
520 2 |a Novela českého filozofa, v níž se odráží autorův skeptický vztah k realitě a snaha zachytit duševní stavy na cestě ke konečnému poznání. 
655 7 |a české povídky  |7 fd133971  |2 czenas 
655 9 |a Czech short stories  |2 eczenas 
700 1 |a Tomin, Marek,  |d 1969-  |7 mzk2006343219  |4 trl 
910 2 |a BOA001  |b 1-1471.825 
920 |a 4598712  |z ABG001 
990 |a BK 
995 |a 01 
996 6 |b 2610875985  |c 1-1471.825  |l MZK  |r Sklad / do 1 hodiny  |n 0  |p p.v.  |w 001861231  |u 000010  |a 1  |e BOA001  |j MZK50  |s P